[Event "GBR-ch77"]
[Site "Eastbourne"]
[Date "1990.08.10"]
[Round "11.33"]
[White "Giddins, Stephen W"]
[Black "Willmoth, Robert"]
[Result "1/2-1/2"]
[WhiteElo "2305"]
[BlackElo "2205"]
[PlyCount "28"]
[EventDate "1990.07.30"]
[EventType "swiss"]
[EventRounds "11"]
[EventCountry "GBR"]
[SourceTitle "BritBase"]
[Source "John Saunders"]
[SourceDate "2024.08.29"]
[SourceVersion "1"]
[SourceVersionDate "2024.08.29"]
[SourceQuality "1"]

1. d4 d6 2. Nf3 Nd7 3. e4 g6 4. Bc4 e6 5. O-O Bg7 6. Nc3 Ne7 7. Be3 b6 8. Qe2 a6 9. a4 Bb7 10. Rad1 h6 11. Bc1 O-O 12. h3 Kh7 13. Rfe1 Qe8 14. Kh2 Kh8 {Source: Steve Giddins} 1/2-1/2

[Event "GBR-ch77"]
[Site "Eastbourne"]
[Date "1990.08.10"]
[Round "11.34"]
[White "Bryce, Andrew"]
[Black "Knox, David"]
[Result "1-0"]
[WhiteElo "2250"]
[BlackElo "2260"]
[PlyCount "64"]
[EventDate "1990.07.30"]
[EventType "swiss"]
[EventRounds "11"]
[EventCountry "GBR"]
[SourceTitle "BritBase"]

1. d4 d5 2. Nf3 e6 3. Bf4 c5 4. e3 Qb6 5. Nc3 Bd7 6. Rb1 Nf6 7. Be2 Bc6 8. Ne5
Nbd7 9. Nxc6 bxc6 10. O-O Be7 11. Na4 Qa5 12. Nxc5 Bxc5 13. dxc5 Qxa2 14. Qd4
Qa5 15. b4 Qd8 16. Ba6 O-O 17. Bb7 e5 18. Bxe5 Nxe5 19. Qxe5 Re8 20. Qd6 Ne4
21. Qxd8 Raxd8 22. Ra1 Re7 23. Bxc6 Rc7 24. Ra6 Rb8 25. f3 Nc3 26. Rfa1 g6 27.
b5 d4 28. Rxa7 Rxa7 29. Rxa7 dxe3 30. b6 Kg7 31. Ra8 Rxa8 32. Bxa8 Nd1 1-0